[Event "ENG-ch Seniors 50"]
[Site "Leamington Spa"]
[Date "2023.05.05"]
[Round "3"]
[White "Davies, Nigel Rodney"]
[Black "Hebden, Mark"]
[Result "1/2-1/2"]
[WhiteElo "2379"]
[BlackElo "2434"]
[PlyCount "39"]
[EventDate "2023.05.04"]
[EventType "swiss"]
[EventRounds "7"]
[EventCountry "ENG"]
[SourceTitle "CBM 214 Extra"]
[Source "ChessBase"]
[SourceDate "2023.07.31"]
[SourceVersion "1"]
[SourceVersionDate "2023.07.31"]
[SourceQuality "1"]

1. d4 Nf6 2. Nf3 g6 3. Nbd2 Bg7 4. e4 0-0 5. Bd3 d6 6. 0-0 Nc6 7. Re1 e5 8. dxe5 dxe5 9. Bf1 a5 10. a4 Be6 11. c3 Nd7 12. Nc4 f6 13. Qc2 Rf7 14. Rd1 Qe8 15. Be3 Qf8 16. Na3 Bh6 17. Bc4 Bxc4 18. Nxc4 Bxe3 19. Nxe3 Nc5 20. Rd5 1/2-1/2

[Event "BCF-chT2 2223 (4NCL)"]
[Site "England"]
[Date "2023.04.30"]
[Round "10.31"]
[White "Ward, Christopher"]
[Black "Davies, Nigel Rodney"]
[Result "1/2-1/2"]
[WhiteElo "2382"]
[BlackElo "2381"]
[PlyCount "20"]
[EventDate "2022.10.22"]
[EventType "team-tourn"]
[EventRounds "11"]
[EventCountry "ENG"]
[SourceTitle "EXT 2024"]
[Source "ChessBase"]
[SourceDate "2023.10.10"]
[SourceVersion "1"]
[SourceVersionDate "2023.10.10"]
[SourceQuality "1"]
[WhiteTeam "KJCA Kings"]
[BlackTeam "The ADS"]
[WhiteTeamCountry "ENG"]
[BlackTeamCountry "ENG"]

1. c4 e6 2. Nc3 d5 3. d4 h6 4. g3 Nf6 5. Bg2 Nc6 6. Nf3 Bd6 7. 0-0 0-0 8. c5 Be7 9. Rb1 Ne4 10. Qc2 f5 1/2-1/2

[Event "BCF-chT2 2223 (4NCL)"]
[Site "England"]
[Date "2023.04.29"]
[Round "9.32"]
[White "Blake, J Morgan"]
[Black "Davies, Nigel Rodney"]
[Result "0-1"]
[WhiteElo "2130"]
[BlackElo "2381"]
[PlyCount "26"]
[EventDate "2022.10.22"]
[EventType "team-tourn"]
[EventRounds "11"]
[EventCountry "ENG"]
[SourceTitle "EXT 2024"]
[Source "ChessBase"]
[SourceDate "2023.10.10"]
[SourceVersion "1"]
[SourceVersionDate "2023.10.10"]
[SourceQuality "1"]
[WhiteTeam "Sussex Martlets"]
[BlackTeam "The ADS"]
[WhiteTeamCountry "ENG"]
[BlackTeamCountry "ENG"]

1. e4 e6 2. d4 d5 3. Nd2 Be7 4. Bd3 c5 5. dxc5 Nf6 6. Qe2 a5 7. Ngf3 Na6 8. e5 Nd7 9. Bb5 0-0 10. c6 bxc6 11. Bxc6 Nb4 12. Nd4 Ba6 13. c4 Bc5 0-1

[Event "Daventry 4NCL Easter op-A 3rd"]
[Site "Daventry"]
[Date "2023.04.10"]
[Round "6"]
[White "Arkell, Keith C"]
[Black "Davies, Nigel Rodney"]
[Result "1/2-1/2"]
[WhiteElo "2392"]
[BlackElo "2381"]
[PlyCount "31"]
[EventDate "2023.04.07"]
[EventType "swiss"]
[EventRounds "7"]
[EventCountry "ENG"]
[SourceTitle "CBM 213 Extra"]
[Source "ChessBase"]
[SourceDate "2023.05.31"]
[SourceVersion "1"]
[SourceVersionDate "2023.05.31"]
[SourceQuality "1"]

1. d4 Nf6 2. c4 e6 3. Nf3 b6 4. g3 c6 5. Bg2 Be7 6. 0-0 0-0 7. Bg5 d5 8. Nbd2 Nbd7 9. Qc2 Bb7 10. e4 Nxe4 11. Bxe7 Qxe7 12. Nxe4 dxe4 13. Qxe4 Nf6 14. Qe2 c5 15. d5 Rfe8 16. dxe6 1/2-1/2

[Event "Nova Gorica op 27th"]
[Site "Nova Gorica"]
[Date "2023.03.19"]
[Round "5"]
[White "Cansu, Batuhan"]
[Black "Davies, Nigel Rodney"]
[Result "0-1"]
[WhiteElo "2014"]
[BlackElo "2380"]
[PlyCount "44"]
[EventDate "2023.03.16"]
[EventType "swiss"]
[EventRounds "9"]
[EventCountry "SLO"]
[SourceTitle "CBM 213 Extra"]
[Source "ChessBase"]
[SourceDate "2023.05.31"]
[SourceVersion "1"]
[SourceVersionDate "2023.05.31"]
[SourceQuality "1"]

1. d4 Nf6 2. Nf3 e6 3. g3 b6 4. Bg2 Bb7 5. 0-0 Be7 6. c4 0-0 7. Nc3 Na6 8. Re1 d5 9. Ne5 c5 10. dxc5 Nxc5 11. cxd5 exd5 12. Bf4 Re8 13. Rc1 Bf8 14. Nd3 Nfe4 15. Nb5 Rc8 16. b4 Ne6 17. Rxc8 Qxc8 18. Nxa7 Qc4 19. b5 Ra8 20. Nc6 Qxb5 21. Nce5 Rxa2 22. Nc1 Ra1 0-1

[Event "BCF-chT2 2223 (4NCL)"]
[Site "England"]
[Date "2023.01.15"]
[Round "4.11"]
[White "Chan, Kim Yew"]
[Black "Davies, Nigel Rodney"]
[Result "1/2-1/2"]
[WhiteElo "2390"]
[BlackElo "2381"]
[PlyCount "58"]
[EventDate "2022.10.22"]
[EventType "team-tourn"]
[EventRounds "11"]
[EventCountry "ENG"]
[SourceTitle "EXT 2024"]
[Source "ChessBase"]
[SourceDate "2023.10.10"]
[SourceVersion "1"]
[SourceVersionDate "2023.10.10"]
[SourceQuality "1"]
[WhiteTeam "Schach Attack"]
[BlackTeam "The ADS"]
[WhiteTeamCountry "ENG"]
[BlackTeamCountry "ENG"]

1. Nf3 d6 2. d4 g6 3. e4 Nf6 4. Nc3 Bg7 5. Be2 0-0 6. 0-0 a6 7. a4 Nc6 8. Be3 e5 9. dxe5 dxe5 10. Bc5 Re8 11. Qxd8 Nxd8 12. Be3 Nc6 13. Bc4 Be6 14. Bxe6 Rxe6 15. Nd5 Rc8 16. Nxf6+ Bxf6 17. Rfd1 Rd8 18. Rxd8+ Bxd8 19. Rd1 Rd6 20. Rxd6 cxd6 21. Ne1 f5 22. f3 Kf7 23. Nd3 Ke6 24. Kf2 Be7 25. b3 b5 26. axb5 axb5 27. c4 bxc4 28. bxc4 Na5 29. Nb2 Bd8 1/2-1/2

[Event "Hastings Masters op"]
[Site "Hastings"]
[Date "2023.01.03"]
[Round "7"]
[White "Petrov, Martin"]
[Black "Davies, Nigel Rodney"]
[Result "1-0"]
[WhiteElo "2535"]
[BlackElo "2398"]
[PlyCount "77"]
[EventDate "2022.12.28"]
[EventType "swiss"]
[EventRounds "10"]
[EventCountry "ENG"]
[SourceTitle "CBM 212 Extra"]
[Source "ChessBase"]
[SourceDate "2023.03.31"]
[SourceVersion "1"]
[SourceVersionDate "2023.03.31"]
[SourceQuality "1"]

1. e4 c6 2. d4 d5 3. e5 Bf5 4. Nf3 e6 5. Be2 Nd7 6. 0-0 Bg6 7. Nbd2 Nh6 8. a4 a5 9. Nb3 Nf5 10. Bd2 Be7 11. g4 Nh4 12. Nxh4 Bxh4 13. f4 f5 14. exf6 Bxf6 15. g5 Be7 16. Bd3 Bxd3 17. cxd3 Bb4 18. Bxb4 axb4 19. Qg4 0-0 20. Qxe6+ Kh8 21. Qd6 Rf7 22. Rae1 Qf8 23. Qxf8+ Raxf8 24. Kg2 Kg8 25. Kg3 Nb6 26. a5 Nc8 27. h4 h5 28. Re6 Ne7 29. g6 Nf5+ 30. Kh3 Rf6 31. Rfe1 Rb8 32. Re8+ Rf8 33. Rxf8+ Kxf8 34. Re5 Ne7 35. Nc5 Ke8 36. f5 Ra8 37. Ne6 Rxa5 38. Nxg7+ Kd7 39. Nxh5 1-0

[Event "EU-ch Rapid"]
[Site "Katowice"]
[Date "2022.12.18"]
[Round "7"]
[White "Davies, Nigel Rodney"]
[Black "Redzisz, Michal"]
[Result "0-1"]
[WhiteElo "2398"]
[BlackElo "2260"]
[PlyCount "100"]
[EventDate "2022.12.17"]
[EventType "swiss (rapid)"]
[EventRounds "11"]
[EventCountry "POL"]
[SourceTitle "CBM 211 Extra"]
[Source "ChessBase"]
[SourceDate "2023.01.31"]
[SourceVersion "1"]
[SourceVersionDate "2023.01.31"]
[SourceQuality "1"]

1. Nf3 Nf6 2. c4 e6 3. g3 d5 4. Bg2 dxc4 5. Qa4+ Nbd7 6. Qxc4 a6 7. Qb3 c5 8. a4 Be7 9. 0-0 0-0 10. d3 Qc7 11. a5 Rb8 12. Nbd2 b5 13. axb6 Nxb6 14. Nc4 Nxc4 15. Qxc4 Rb4 16. Qc2 Bb7 17. Bd2 Rb5 18. e4 Rc8 19. Rfc1 Qb6 20. Bc3 c4 21. dxc4 Rxc4 22. Nd2 Rc8 23. Qd3 Ng4 24. Qd4 Qxd4 25. Bxd4 Bc5 26. Bxc5 Rbxc5 27. Rxc5 Rxc5 28. h3 Ne5 29. Nb3 Rb5 30. Na5 Rxb2 31. Rd1 g6 32. f4 Nc6 33. Nxb7 Rxb7 34. e5 Rb6 35. Rd6 Rb1+ 36. Kh2 Nb4 37. h4 h5 38. Be4 Rb2+ 39. Kh3 a5 40. Rd8+ Kg7 41. Ra8 Re2 42. Bf3 Rf2 43. Be4 Re2 44. Bf3 Ra2 45. g4 Ra3 46. Kg2 Nd3 47. f5 Ne1+ 48. Kf2 Nxf3 49. f6+ Kh7 50. g5 Nxe5 0-1